| 000 | 00892nam a22002057a 4500 | ||
|---|---|---|---|
| 999 |
_c8800 _d8800 |
||
| 003 | AR-CdUCM | ||
| 008 | 190326b ||||| |||| 00| 0 spa d | ||
| 040 |
_aMUNICIPALIDAD PROVINCIAL DEL CUSCO _cBIBLIOTECA MUNICIPAL DEL CUSCO |
||
| 082 |
_a808.51 / _bJ15 |
||
| 100 |
_aJacot, Paul C. _924534 |
||
| 245 |
_aEl arte de influir a distancia : _bla sugestión mental y la transmisión del pensamiento al alcance de todos / |
||
| 260 |
_aBuenos Aires : _bJoaquin Gil, _c1941. |
||
| 300 |
_a274 páginas ; _c20 cm. |
||
| 505 | _aContenido: Introducción al estudio del poder del pensamiento -- Lo que hace falta haber comprendido antes de experimentar -- Introducciones practicas generales para influir sobre cualquiera sin que él lo sepa... | ||
| 650 |
_aEstudio del poder. _924535 |
||
| 650 |
_aPensamiento. _9461 |
||
| 650 |
_aSugestión mental. _924536 |
||
| 942 |
_2ddc _cLIBROS |
||
| 945 | _awfj | ||